000 03131cam a22003611i 4500
003 SA-RiAUC
005 20250805072416.0
008 250802s1970 le a g 000 0 ara c
040 _aLB-JoUSK
_bara
_cSA-RiAUC.
_erda
043 _af-ua---
050 4 _b.J36 1970
082 0 4 _a218.10962
_qSA-RiAUC
090 _a218.10962
_bج م ا
100 1 _aجمال الدين الأفغاني، محمد بن صفدر الحسيني،
_d1254-1315 هجري
_eمؤلف.
245 1 2 _aالعروة الوثقى /
_cتأليف جمال الدين الأفغاني، محمد عبده.
250 _aالطبعة الأولى.
264 1 _aبيروت :
_bدار الكتاب العربي،
_c1970
300 _a454 صفحة :
_bمصور ؛
_c18 سم.
336 _aنص
_btxt
_2rdacontent
_3كتاب
337 _aبدون وسيط
_bn
_2rdamedia
338 _aمجلد
_bnc
_2rdacarrier
490 1 _aالآثار الكاملة ؛
_v1
630 0 7 _aالعروة الوثقى (مجلة)
_2aucut
650 7 _aالحركات الفكرية عند المسلمين
_zمصر
_2aucsh
650 7 _aالإسلام
_xحركات الإحياء والإصلاح والتجديد
_zمصر
_2aucsh
700 0 _aمحمد عبده،
_cالشيخ،
_d1266-1323 هجري
_eمؤلف.
830 2 _aالآثار الكاملة
_v1
856 _uhttps://www.hindawi.org/books/68096495/
_yExternal Link
_2 نرجو الانتباه لإمكانية وجود اختلاف في الطبعة أو الناشر بين البيانات على البوابة وما ستجده على الكتاب نظرا لمحدودية المعلومات المتاحة على الموقع الناشر للمادة.
_3Please note that there may be a difference in the edition or publisher between the data on the portal and the book due to the limited information available on the publisher website for the material.
856 _uhttps://s3.amazonaws.com/images.hindawi.org/kalimat/covers/svg/270x360/68096495.svg
_yCoverImage
_2 نرجو الانتباه لإمكانية وجود اختلاف في الطبعة أو الناشر بين البيانات على البوابة وما ستجده على الكتاب نظرا لمحدودية المعلومات المتاحة على الموقع الناشر للمادة.
_3Please note that there may be a difference in the edition or publisher between the data on the portal and the book due to the limited information available on the publisher website for the material.
856 _uhttps://www.hindawi.org/books/68096495.pdf
_yDigital Copy
_2 نرجو الانتباه لإمكانية وجود اختلاف في الطبعة أو الناشر بين البيانات على البوابة وما ستجده على الكتاب نظرا لمحدودية المعلومات المتاحة على الموقع الناشر للمادة.
_3Please note that there may be a difference in the edition or publisher between the data on the portal and the book due to the limited information available on the publisher website for the material.
942 _2ddc
_cBOOK
_n0
949 _aSA-JeALM
_d250802
_umohamedma123
_n1
999 _c10567
_d10567